00358nam a2200157Ia 450000100040000000500170000400800410002104100080006208200150007010000220008524500400010726000090014730000280015665000080018465400080019270720260306140537.0260306t2005||||xx |||||||||||||| ||spa|| aESP a142.7bP28 aPatocka, JaneAUT 0aIntroducción a la fenomenología c2005 a277 páginas :c21 cm. aGEN aCHU